[Event "IECC P email"]
[Site "IECC email"]
[Date "2001.12.20"]
[Round "?"]
[White "Vettori, Stefano"]
[Black "Morrison, Michael Francis"]
[Result "1-0"]
[WhiteElo "1513"]
[BlackElo "1549"]
[PlyCount "33"]
[EventDate "2001.??.??"]
[EventType "tourn (corr)"]
[EventRounds "6"]
[SourceTitle "Corr 2008"]
[Source "ChessBase"]
[SourceDate "2008.06.24"]
[SourceVersion "1"]
[SourceVersionDate "2008.06.24"]
[SourceQuality "1"]

1. c4 Nf6 2. d4 e6 3. Nc3 Bb4 4. Bd2 0-0 5. g3 b6 6. Bg2 Nc6 7. Nf3 Rb8 8. 0-0 Bb7 9. Re1 Bxc3 10. Bxc3 Ne4 11. Qc2 f5 12. b4 Ne7 13. Bb2 c5 14. bxc5 bxc5 15. dxc5 Nxc5 16. Qc3 Rf6 17. Qa3 1-0

[Event "IECC KO email"]
[Site "IECC email"]
[Date "2001.11.07"]
[Round "?"]
[White "Hulse, David"]
[Black "Vettori, Stefano"]
[Result "0-1"]
[WhiteElo "1272"]
[BlackElo "1506"]
[PlyCount "28"]
[EventDate "2001.??.??"]
[EventType "tourn (corr)"]
[EventRounds "6"]
[SourceTitle "Corr 2008"]
[Source "ChessBase"]
[SourceDate "2008.06.24"]
[SourceVersion "1"]
[SourceVersionDate "2008.06.24"]
[SourceQuality "1"]

1. e4 e6 2. d4 d5 3. Nc3 Bb4 4. e5 c5 5. a3 Bxc3+ 6. bxc3 Ne7 7. Bb5+ Bd7 8. a4 Bxb5 9. axb5 Qb6 10. Ba3 Nd7 11. dxc5 Nxc5 12. Qd4 Rc8 13. Rb1 Nf5 14. Qg4 Ne4 0-1

[Event "SEMI B021 email"]
[Site "SEMI email"]
[Date "2001.08.20"]
[Round "?"]
[White "Gallizioli, Daniela"]
[Black "Vettori, Stefano"]
[Result "0-1"]
[WhiteElo "1000"]
[BlackElo "1000"]
[PlyCount "68"]
[EventDate "2001.08.20"]
[EventType "tourn (corr)"]
[EventRounds "4"]
[EventCountry "ITA"]
[SourceTitle "Corr 2008"]
[Source "ChessBase"]
[SourceDate "2008.06.24"]
[SourceVersion "1"]
[SourceVersionDate "2008.06.24"]
[SourceQuality "1"]

1. Nf3 d5 2. d4 Nf6 3. Nc3 Bf5 4. e3 e6 5. Qe2 Bd6 6. Qb5+ Nbd7 7. Bd3 Bxd3 8. cxd3 Qc8 9. e4 c6 10. Qa4 Nb6 11. Qb3 Be7 12. Bf4 0-0 13. Ng5 Rd8 14. e5 Nh5 15. g3 c5 16. Qd1 g6 17. Qf3 Nxf4 18. Qxf4 Rf8 19. 0-0 Bxg5 20. Qxg5 cxd4 21. Nb5 Qc2 22. b3 Qxd3 23. Nc7 Rad8 24. Qe7 Rd7 25. Qc5 Rc8 26. Qa5 Rdxc7 27. Qxa7 Qa6 28. Qxa6 bxa6 29. a4 Rc3 30. Rab1 Nd7 31. f4 Nc5 32. g4 Rxb3 33. Rbc1 Ra3 34. Rc4 dxc4 0-1

[Event "SEMI B017 email"]
[Site "SEMI email"]
[Date "2001.??.??"]
[Round "?"]
[White "Kelbl, Jiri"]
[Black "Vettori, Stefano"]
[Result "0-1"]
[WhiteElo "1000"]
[BlackElo "1000"]
[PlyCount "46"]
[EventDate "2001.01.25"]
[EventType "tourn (corr)"]
[EventRounds "6"]
[EventCountry "ITA"]
[SourceTitle "Corr 2002"]
[Source "ChessBase"]
[SourceDate "2002.05.23"]
[SourceVersion "1"]
[SourceVersionDate "2002.05.23"]
[SourceQuality "1"]

1. e4 e6 2. d4 d5 3. e5 c5 4. Qg4 cxd4 5. Nf3 Nc6 6. Bd3 Qc7 7. Qg3 f6 8. Bxh7 fxe5 9. Bg6+ Kd8 10. Bg5+ Nf6 11. c3 Bd6 12. cxd4 exd4 13. Qg4 e5 14. Bf5 Ne7 15. Bxf6 gxf6 16. Bxc8 Qc1+ 17. Ke2 d3+ 18. Kxd3 e4+ 19. Ke2 Qxb2+ 20. Nbd2 exf3+ 21. Qxf3 Qe5+ 22. Kd3 Rxc8 23. h3 Rc3# 0-1

[Event "SEMI B017 email"]
[Site "SEMI email"]
[Date "2001.??.??"]
[Round "?"]
[White "Vettori, Stefano"]
[Black "Manzo, Andrea"]
[Result "0-1"]
[WhiteElo "1000"]
[BlackElo "1200"]
[PlyCount "52"]
[EventDate "2001.01.25"]
[EventType "tourn (corr)"]
[EventRounds "6"]
[EventCountry "ITA"]
[SourceTitle "Corr 2002"]
[Source "ChessBase"]
[SourceDate "2002.05.23"]
[SourceVersion "1"]
[SourceVersionDate "2002.05.23"]
[SourceQuality "1"]

1. c4 c5 2. Nf3 Nf6 3. Nc3 Nc6 4. d4 cxd4 5. Nxd4 e6 6. Nxc6 bxc6 7. e4 Bb4 8. Bd3 0-0 9. Qb3 Qa5 10. Bd2 d5 11. a3 dxe4 12. Nxe4 Bxd2+ 13. Nxd2 Qe5+ 14. Be2 Rb8 15. Qc3 Qxc3 16. bxc3 Rb2 17. Bd3 Ng4 18. Rd1 Ne5 19. Nf3 Nxf3+ 20. gxf3 Ra2 21. Rc1 Rd8 22. Be4 Ba6 23. 0-0 Bxc4 24. Rfe1 c5 25. Ra1 Rdd2 26. Red1 f5 0-1

[Event "SEMI B017 email"]
[Site "SEMI email"]
[Date "2001.??.??"]
[Round "?"]
[White "Vettori, Stefano"]
[Black "Ricci, Stefano"]
[Result "1-0"]
[WhiteElo "1000"]
[BlackElo "1078"]
[PlyCount "49"]
[EventDate "2001.01.25"]
[EventType "tourn (corr)"]
[EventRounds "6"]
[EventCountry "ITA"]
[SourceTitle "Corr 2002"]
[Source "ChessBase"]
[SourceDate "2002.05.23"]
[SourceVersion "1"]
[SourceVersionDate "2002.05.23"]
[SourceQuality "1"]

1. c4 c5 2. Nc3 Nc6 3. g3 Nf6 4. Bg2 e6 5. e4 d6 6. Nge2 e5 7. 0-0 Be7 8. f4 0-0 9. d3 Be6 10. Rb1 Qa5 11. a3 Nd4 12. Nd5 Nxd5 13. Nxd4 exd4 14. cxd5 Bd7 15. b4 Qa6 16. bxc5 dxc5 17. Qb3 b5 18. d6 Bxd6 19. e5 Be7 20. Bxa8 Rxa8 21. Bd2 Rb8 22. f5 c4 23. dxc4 bxc4 24. Qxb8+ Bf8 25. e6 1-0

[Event "SEMI B017 email"]
[Site "SEMI email"]
[Date "2001.??.??"]
[Round "?"]
[White "Vettori, Stefano"]
[Black "Vincenzi, Daniele"]
[Result "1-0"]
[WhiteElo "1000"]
[BlackElo "1000"]
[PlyCount "35"]
[EventDate "2001.01.25"]
[EventType "tourn (corr)"]
[EventRounds "6"]
[EventCountry "ITA"]
[SourceTitle "Corr 2002"]
[Source "ChessBase"]
[SourceDate "2002.05.23"]
[SourceVersion "1"]
[SourceVersionDate "2002.05.23"]
[SourceQuality "1"]

1. c4 e6 2. Nf3 Nf6 3. d4 d6 4. Nc3 c5 5. d5 e5 6. e4 Be7 7. Be2 0-0 8. a3 a6 9. b4 Nc6 10. dxc6 bxc6 11. bxc5 Qc7 12. cxd6 Bxd6 13. 0-0 Rd8 14. Qc2 Be6 15. Rb1 Qa7 16. Na4 Rac8 17. c5 Bc7 18. Nb6 1-0

[Event "Secondario 15th"]
[Site "Caorle"]
[Date "1990.07.13"]
[Round "7.36"]
[White "Farina, Saverio"]
[Black "Vettori, Stefano"]
[Result "0-1"]
[WhiteElo "1868"]
[BlackElo "1800"]
[PlyCount "124"]
[EventDate "1990.07.07"]
[EventType "swiss"]
[EventRounds "8"]
[EventCountry "ITA"]
[SourceTitle "EXT 2023"]
[Source "ChessBase"]
[SourceDate "2022.10.05"]
[SourceVersion "1"]
[SourceVersionDate "2022.10.05"]
[SourceQuality "1"]

1. d4 e6 2. c4 d5 3. Nc3 Nf6 4. Bg5 Be7 5. Nf3 0-0 6. Qc2 a6 7. Bxf6 Bxf6 8. e4 dxe4 9. Qxe4 c5 10. 0-0-0 cxd4 11. Nxd4 Qc7 12. Bd3 g6 13. h4 e5 14. Nd5 Qd6 15. Nc2 Nc6 16. h5 Bg5+ 17. Kb1 f5 18. Qe1 Ne7 19. hxg6 hxg6 20. Be2 Nxd5 21. cxd5 b5 22. Qc3 Bd7 23. Qh3 Kg7 24. Qg3 Kf6 25. Qb3 Rh8 26. Ne3 Kg7 27. Bf3 Rac8 28. a3 f4 29. Ng4 Bf5+ 30. Ka1 Bc2 31. Qb4 Qxb4 32. axb4 Bxd1 33. Rxd1 Bf6 34. Be4 Rc4 35. f3 Rhc8 36. Kb1 Rd4 37. Rg1 Rcc4 38. g3 fxg3 39. Rxg3 Rxb4 40. Nxf6 Kxf6 41. Rxg6+ Kf7 42. Rxa6 Rd2 43. Ra7+ Kf6 44. Ra6+ Kg5 45. Rg6+ Kf4 46. Rf6+ Ke3 47. Re6 Kd4 48. d6 Kc5 49. Kc1 Rxd6 50. Rxe5+ Kc4 51. Rg5 Rh6 52. Rg2 Kb3 53. Bd5+ Ka4 54. Kb1 Rd4 55. Be4 Kb4 56. Re2 Rc4 57. b3 Rc3 58. Bd5 Rd3 59. Re5 Kc3 60. Ka2 b4 61. Be4 Rd2+ 62. Ka1 Ra6+ 0-1

[Event "Secondario 15th"]
[Site "Caorle"]
[Date "1990.07.10"]
[Round "4.40"]
[White "Vettori, Stefano"]
[Black "Ventura, Boris"]
[Result "0-1"]
[WhiteElo "1800"]
[BlackElo "1900"]
[PlyCount "56"]
[EventDate "1990.07.07"]
[EventType "swiss"]
[EventRounds "8"]
[EventCountry "ITA"]
[SourceTitle "EXT 2023"]
[Source "ChessBase"]
[SourceDate "2022.10.05"]
[SourceVersion "1"]
[SourceVersionDate "2022.10.05"]
[SourceQuality "1"]

1. c4 g6 2. g3 Bg7 3. Bg2 d6 4. Nf3 e5 5. Nc3 Nc6 6. d4 Nxd4 7. Nxd4 exd4 8. Nb5 c5 9. Qa4 Kf8 10. Bf4 Be5 11. Bd2 a6 12. f4 Bf6 13. Na3 Bd7 14. Qb3 Rb8 15. 0-0 Bc6 16. e4 dxe3 17. Bxe3 Bxg2 18. Kxg2 Ne7 19. Rad1 Qc7 20. Rd2 Nf5 21. Nc2 Qc6+ 22. Kh3 h5 23. Bg1 Re8 24. Ne1 Bd4 25. Bxd4 cxd4 26. Qf3 Qd7 27. Rg1 Ne3+ 28. Kh4 Qg4+ 0-1

[Event "Secondario 15th"]
[Site "Caorle"]
[Date "1990.07.09"]
[Round "3.41"]
[White "Martini, Marco R"]
[Black "Vettori, Stefano"]
[Result "1/2-1/2"]
[WhiteElo "1800"]
[BlackElo "1800"]
[PlyCount "37"]
[EventDate "1990.07.07"]
[EventType "swiss"]
[EventRounds "8"]
[EventCountry "ITA"]
[SourceTitle "EXT 2023"]
[Source "ChessBase"]
[SourceDate "2022.10.05"]
[SourceVersion "1"]
[SourceVersionDate "2022.10.05"]
[SourceQuality "1"]

1. e4 e6 2. d4 d5 3. Nc3 dxe4 4. Nxe4 Nd7 5. Bd3 Ngf6 6. Bg5 Be7 7. Nxf6+ Nxf6 8. Nf3 0-0 9. 0-0 b6 10. c3 Bb7 11. Ne5 c5 12. Qc2 h6 13. Bxf6 Bxf6 14. Be4 Qc7 15. Bxb7 Qxb7 16. Ng4 Be7 17. dxc5 Bxc5 18. Rad1 Rfd8 19. Rd2 1/2-1/2